000 01165nam a2200301 i 4500
001 000027952
003 DO-SdBNP
005 20250625114202.0
007 ta
008 110406s2000 dr a 000 0 spa d
020 _a8489953260
040 _aDO-SdBNP
_bspa
_cBNPHU
_erda
049 _aBNPD
082 4 _bP933
_222
111 2 _aSimposio regional incidencias de la cultura precolombina en el arte caribeño contemporáneo
_n(1 :
_d1998 enero 15-17
_cSanto Domingo )
_955019
245 1 0 _aPresencia de la cultura precolombina en el arte caribeño contemporáneo /
_ceditora, Mildred Canahuate.
264 _aSanto Domingo :
_bBanco Central de la República Dominicana,
_c2000.
300 _a78 páginas :
_bilustraciones ;
_c28 cm.
336 _2rdacontent
_atexto
_btxt
337 _2rdamedia
_asin mediación
_bn
338 _2rdacarrier
_avolumen
_bnc
490 1 _aBanco Central de la República Dominicana
490 1 _aArawak de investigaciones antropológicas
_v1
500 _aIncluye referencias bibliográficas y notas al pie de las páginas
590 _aInventariado, 2019/BT
700 1 _aCanahuate, Mildred,
_eeditor
_955020
942 _2ddc
_cLBS1
999 _c27444
_d27444